000 00295nam a22001337a 4500
008 190227b xxu||||| |||| 00| 0 eng d
020 _a9780393973723
041 _aeng
080 _a941
100 _a16
101 _aHIS
245 _aThe Search for Modern China
_cCheng, P
942 _2udc
_cBK
999 _c54348
_d54348